Modern-Day Countries on Pangea - Statistics

General Stats
  • This quiz has been taken 132 times
  • The average score is 33 of 154
Answers on the Map
Answers color-coded by a green-red scale on the quiz's map according to % correct below.
 
Answer Stats
Answer % Correct
USA
90%
Brazil
55%
France
52%
Denmark
51%
India
51%
Algeria
48%
Canada
45%
Colombia
42%
Chad
40%
China
40%
Russia
40%
Niger
39%
Morocco
37%
Venezuela
37%
Libya
36%
Mali
36%
Mexico
36%
Argentina
34%
Egypt
34%
Suriname
34%
Tunisia
34%
Angola
33%
Burkina Faso
33%
Chile
33%
Guyana
33%
Nigeria
33%
Sudan
33%
Central African Republic
31%
Guinea
31%
Australia
30%
Benin
30%
Bolivia
30%
Cameroon
30%
Ghana
30%
Mauretania
30%
Mongolia
30%
Republic of the Congo
30%
Saudi Arabia
30%
South Africa
30%
Côte d'Ivoire
28%
Democratic Republic of the Congo
28%
Gabon
28%
Iran
28%
Botswana
27%
Cuba
27%
Guinea-Bissau
27%
Indonesia
27%
Paraguay
27%
Peru
27%
Spain
27%
Uruguay
27%
Liberia
25%
Namibia
25%
Senegal
25%
Somalia
25%
Togo
25%
Equatorial Guinea
24%
Ethiopia
24%
Kazakhstan
24%
Portugal
24%
Finland
22%
Gambia
22%
Japan
22%
Lesotho
22%
Mozambique
22%
South Sudan
22%
Turkey
22%
Zimbabwe
22%
Ecuador
21%
Guatemala
21%
Kenya
21%
Norway
21%
Oman
21%
South Korea
21%
Sweden
21%
Tanzania
21%
Zambia
21%
Eswatini
19%
Iraq
19%
Sierra Leone
19%
Uganda
19%
Yemen
19%
Afghanistan
18%
Bangladesh
18%
Bhutan
18%
Malawi
18%
Nepal
18%
Rwanda
18%
United Arab Emirates
18%
Belgium
16%
Burundi
16%
Eritrea
16%
New Zealand
16%
Belarus
15%
Belize
15%
Costa Rica
15%
Djibouti
15%
El Salvador
15%
Germany
15%
Honduras
15%
Iceland
15%
Israel
15%
Jordan
15%
Kuwait
15%
North Korea
15%
Papua New Guinea
15%
Qatar
15%
Bulgaria
13%
Greece
13%
Italy
13%
Lebanon
13%
Panama
13%
Thailand
13%
Armenia
12%
Cambodia
12%
Croatia
12%
Ireland
12%
Latvia
12%
Madagascar
12%
Netherlands
12%
Nicaragua
12%
Syria
12%
United Kingdom
12%
Albania
10%
Azerbaijan
10%
Bosnia and Herzegovina
10%
Cyprus
10%
Kyrgyzstan
10%
Laos
10%
Lithuania
10%
Sri Lanka
10%
Austria
9%
Estonia
9%
Georgia
9%
Pakistan
9%
Turkmenistan
9%
Ukraine
9%
Uzbekistan
9%
Vietnam
9%
Hungary
7%
Philipines
7%
Poland
7%
Burma
6%
Czech Republic
6%
Kosovo
6%
Montenegro
6%
North Macedonia
6%
Romania
6%
Serbia
6%
Slovenia
6%
Switzerland
6%
Tajikistan
6%
Malaysia
4%
Slovakia
3%
No matching quizzes found
Score Distribution
Percent of People with Each Score
Percentile by Number Answered
Your Score History
You have not taken this quiz